|
|
|
|
| LEADER |
00831nam a2200241 a 4500 |
| 001 |
8280289 |
| 008 |
820303sr2004 nyua j 000 1 eng d |
| 010 |
|
|
|a 82001109 /AC/r852
|
| 020 |
|
|
|a 8171675972
|
| 040 |
|
|
|a DLC
|c DLC
|d CEO
|
| 082 |
0 |
0 |
|a 843/.0872
|2 22
|
| 100 |
1 |
|
|a Baum, L. Frank
|q (Lyman Frank),
|d 1856-1919.
|
| 245 |
1 |
4 |
|a The Wizard of Oz /
|c L. Frank Baum
|
| 260 |
|
|
|a New Delhi :
|b Rupa.Com.,
|c 2004.[reprinted]
|
| 300 |
|
|
|a ix, 128 p. :
|b ill. ;
|c 26 cm.
|
| 490 |
0 |
|
|a Rupa Classics
|
| 541 |
1 |
|
|e 00015858
|
| 650 |
|
0 |
|a Fantasy fiction.
|
| 700 |
1 |
|
|a Hague, Michael.
|
| 852 |
4 |
|
|a Ayesha Abed Library
|j General Shelf.
|
| 942 |
0 |
0 |
|0 1
|
| 999 |
|
|
|c 2731
|d 2731
|
| 952 |
|
|
|0 0
|1 0
|2 ddc
|4 0
|6 843_087200000000000_BAU
|7 0
|9 2509
|a BRACUL
|b BRACUL
|c GEN
|d 2009-07-23
|g 93.00
|l 17
|m 75
|o 843.0872 BAU
|p 3010015858
|r 2026-04-18
|s 2026-04-02
|t 1
|w 2009-07-23
|y BK
|